000 01444 a2200241 4500
001 41111
005 20260407155705.0
008 260407a1994 arg spa d
003 AR-UNSa-BCEJYS
040 _aAR-UNSa-BCEJYS
_bspa
_cAR-UNSa-BCEJYS
080 _a336.717
_xTransacciones bancarias
245 1 0 _aEl juicio ejecutivo en las operaciones bancarias
020 _a950-9606-84-7
250 _a2a. ed.
264 1 _aBuenos Aires :
_bAD-HOC
_c1994
300 _a292 P.
_c22 cm.
505 _a1. La banca y su actuación: su ayer y su hoy en materia económica y jurídica - 2. El contrato de cuenta corriente bancaria: análisis - 3. La ejecución del saldo deudor de la cuenta corriente bancaria - 4. Las cuentas corrientes abiertas por los bancos exclusivamente para cobrarles a los clientes (recurriendo a la vía ejecutiva) deudas de otro origen - 5. La Ley de unificación de la legislación civil y comercial - 6. Los créditos bancarios por deudas derivadas de la utilización de "tarjetas de crédito" y cajeros automáticos: ejecutividad, defensas - 7. Los commercial papers: conceptos, alcances - 8. Últimas novedades acerca de intentos de cobro de deudas de tarjetas de crédito - 9. El warrant
041 _aspa
942 _cBK
590 _aniveau_biblio:m niveau_hierar:0
100 1 _aMartorell, Ernesto Eduardo
856 4 1 _uhttps://biblioeco.unsa.edu.ar/pmb/images/libros/L126384.jpg
_yImagen de portada
_qimage/jpeg
999 _c3379
_d3379